| Поле | Название | Значение |
| |
Тип записи |
a |
| |
Библиографический уровень |
m |
| 001 |
Контрольный номер |
RU/СЮИ МВД России/KNIGI/65.290.4/А49-844416 |
| 005 |
Дата корректировки |
20140508173819.0 |
| 010 |
Индекс ISBN |
__ |
| a |
ISBN |
978-5-91131-837-6 |
| 100 |
Данные общей обработки |
__ |
| a |
Данные общей обработки |
20110929d2008 |||y0rusy0189 |
| 101 |
Язык документа |
0_ |
| a |
Язык текста |
rus |
| 102 |
Страна публикации |
__ |
| a |
Страна публикации |
RU |
| 105 |
Кодированные данные (монография) |
__ |
| a |
Кодированные данные (монография) |
y z 000yy |
| 200 |
Заглавие и сведения об ответственности |
1_ |
| a |
Заглавие |
Техническое обеспечение безопасности бизнеса |
| e |
Сведения, относящиеся к заглавию |
руководство |
| f |
Первые сведения об ответственности |
А. П. Алешин |
| 210 |
Выходные данные |
__ |
| a |
Место издания |
М. |
| c |
Издательство |
Дашков и К° |
| d |
Дата издания |
2008 |
| 215 |
Физическое описание |
__ |
| a |
Объем |
160 с. |
| 327 |
Примечание о содержании |
1_ |
| a |
Примечание о содержании |
Содержание : Современные технические средства систем безопасности ; Системы охранной и пожарной сигнализаций ; Система видеоконтроля (видеонаблюдения) ; Система контроля и управления доступом ; Технические средства защиты информации |
| 464 |
Аналитический уровень |
_0 |
| 1 |
|
2001 |
| a |
|
Современные технические средства систем безопасности |
| 464 |
Аналитический уровень |
_0 |
| 1 |
|
2001 |
| a |
|
Системы охранной и пожарной сигнализаций |
| 464 |
Аналитический уровень |
_0 |
| 1 |
|
2001 |
| a |
|
Система видеоконтроля (видеонаблюдения) |
| 464 |
Аналитический уровень |
_0 |
| 1 |
|
2001 |
| a |
|
Система контроля и управления доступом |
| 464 |
Аналитический уровень |
_0 |
| 1 |
|
2001 |
| a |
|
Технические средства защиты информации |
| 610 |
Ключевые слова |
1_ |
| a |
Ключевые слова |
безопасность бизнеса |
| 610 |
Ключевые слова |
1_ |
| a |
Ключевые слова |
шифрование |
| 610 |
Ключевые слова |
1_ |
| a |
Ключевые слова |
криптография |
| 620 |
Место и дата публикации, исполнения и т.д. |
__ |
| d |
Город |
Москва |
| 686 |
Индексы других классификаций |
__ |
| a |
Классификационный индекс |
65.290.4 |
| 2 |
Код системы |
rubbk |
| 686 |
Индексы других классификаций |
__ |
| a |
Классификационный индекс |
06.81 |
| 2 |
Код системы |
rugasnti |
| 700 |
Автор |
_1 |
| a |
Фамилия |
Алешин |
| b |
Имя |
А. П. |
| 4 |
Код отношения |
070 |
| 801 |
Источник записи |
_0 |
| b |
Организация |
СЮИ МВД России |
| a |
Страна |
RU |
| c |
Дата составления |
20110929 |
| 801 |
Источник записи |
_1 |
| a |
Страна |
RU |
| b |
Организация |
ПКИ |
| c |
Дата составления |
20110929 |
| 852 |
Данные о местонахождении |
__ |
| a |
Наименование организации |
СЮИ МВД России |
| b |
Сигла хранения |
УчФ_Поволжский филиал |
| i |
Авторский знак |
А49 |
| p |
Инвентарный номер |
д79 |
| j |
Шифр хранения |
65.290.4 |
| j |
Шифр хранения |
65.290.4 |
| j |
Шифр хранения |
65.290.4 |
| j |
Шифр хранения |
65.290.4 |
| 852 |
Данные о местонахождении |
__ |
| a |
Наименование организации |
СЮИ МВД России |
| b |
Сигла хранения |
УчФ_Поволжский филиал |
| i |
Авторский знак |
А49 |
| p |
Инвентарный номер |
д80 |
| 852 |
Данные о местонахождении |
__ |
| a |
Наименование организации |
СЮИ МВД России |
| b |
Сигла хранения |
УчФ_Поволжский филиал |
| i |
Авторский знак |
А49 |
| p |
Инвентарный номер |
д81 |
| 852 |
Данные о местонахождении |
__ |
| a |
Наименование организации |
СЮИ МВД России |
| b |
Сигла хранения |
ЧЗ_Поволжский филиал |
| i |
Авторский знак |
А49 |
| p |
Инвентарный номер |
д7 |
| 901 |
Тип документа |
__ |
| t |
Тип документа |
m |
| 938 |
Служебная информация |
__ |
| a |
Название организации |
Поволжский филиал |
| b |
Имя БД |
Книги_Ирбис |
| c |
Название АИБС |
АБИС ИРБИС |